• 首页
  • 本馆介绍
  • 公告通知
  • 最新文献
  • 馆藏检索
  • 电子资源
  • 读者导购
  • 参考咨询
  • 我的图书馆
  • 登录
  • 详细信息显示
  • 放入我的书架
  • 预约/预借图书
  • 作者相关作品
  • 分类相关作品
  • 丛书相关作品
  • 出版社相关作品

书目信息

  • 表格格式
  • 工作单格式
  • 卡片格式
题名:
后现代的转型
    
 
作者: 莱文 , Levin 著 ;常宁生 , 邢莉 , 李宏翻 , 常宁生 , 邢莉 , 李宏 翻译
分册:  
出版信息: 南京   江苏教育出版社  2006
页数: 228页
开本: 23cm
丛书名: 西方艺术史丛书
单 册:
中图分类: J110.95
科图分类:
主题词: 后现代主义--艺术评论--西方国家--20世纪 , 后现代主义 , 艺术评论
电子资源:
ISBN: 7-5343-7157-0
000 01384oam2 2200349 450
001 010060015067
005 20061220095525.34
010    @a7-5343-7157-0@dCNY36.80
100    @a20060304d2006 em y0chiy0110 ea
101 0  @achi
102    @aCN@b320000
105    @af z 000yy
200 1  @a后现代的转型@9hou xian dai de zhuan xing@e西方当代艺术批评@f(美)金·莱文(Kim Levin)著@g常宁生,邢莉,李宏编译@Gchang ning sheng,xing li,li hong bian yi
210    @a南京@c江苏教育出版社@d2006
215    @a228页@c图版(92页)@d23cm
225 2  @a西方艺术史丛书@v6
330    @a20世纪70年代和80年代是西方艺术由现代向后现代转向的过渡时期。本书收录的30篇论文对西方当时各种不同的文化现象、艺术思潮、创作和展览进行了科学的考察和独到的分析。作者还对70年代以来在西方出现的观念艺术、大地艺术、行为艺术、装置艺术、摄像艺术和后表演艺术进行了深入的论述和评价。
461  0 @12001 @a西方艺术史丛书@v6
606 0  @a后现代主义@x艺术评论@y西方国家@z20世纪
606 0  @a后现代主义
606 0  @a艺术评论
690    @aJ110.95@v4
701  1 @a莱文@9lai wen@bK.@4著
701  1 @aLevin@bKim@4著
702  0 @a常宁生@9chang ning sheng@4翻译
702  0 @a邢莉@9xing li@4翻译
702  0 @a李宏翻@9li hong fan@4翻译
702  0 @a常宁生@Achang ning sheng@4编译
702  0 @a邢莉@Axing li@4编译
702  0 @a李宏@Ali hong@4编译
801  0 @aCN@bRENTIAN@c20061220
905    @a10447@dJ110.95@e69
    
    后现代的转型:西方当代艺术批评/(美)金·莱文(Kim Levin)著/常宁生,邢莉,李宏编译.-南京:江苏教育出版社,2006
    228页:图版(92页);23cm.-(西方艺术史丛书;6)
    
    
    ISBN 7-5343-7157-0:CNY36.80
    20世纪70年代和80年代是西方艺术由现代向后现代转向的过渡时期。本书收录的30篇论文对西方当时各种不同的文化现象、艺术思潮、创作和展览进行了科学的考察和独到的分析。作者还对70年代以来在西方出现的观念艺术、大地艺术、行为艺术、装置艺术、摄像艺术和后表演艺术进行了深入的论述和评价。
●
相关链接 在E读中查询图书 在五车中查询图书 在当当中查询图书 在豆瓣中查询图书


正题名:后现代的转型     索取号:J110.95/69         预约/预借

序号 登录号 条形码 馆藏地/架位号 状态 备注
1 0392612   203926127   第一样本阅览室/ [索取号:J110.95/69] 在馆    
2 0392613   203926136   第一借阅区/ [索取号:J110.95/69] 在馆    
3 0619613   206196132   第一借阅区/ [索取号:J110.95/69] 在馆    
4 0619614   206196141   第一借阅区/ [索取号:J110.95/69] 在馆    
5 0619615   206196150   第一借阅区/ [索取号:J110.95/69] 在馆    
6 0619616   206196169   第一借阅区/ [索取号:J110.95/69] 在馆    
7 0619617   206196178   第一借阅区/ [索取号:J110.95/69] 在馆    
唐山师范学院图书馆 欢迎您!
大连网信软件有限公司© 版权所有